Miasta w Lubelskim - Statystyki

Ogólne statystyki
  • Ten quiz został rozwiązany 64 razy
    6 od ostatniego zresetowania
  • Średni wynik to 35 z 57
Statystyki odpowiedzi
Miasto % Poprawnych
Biała Podlaska
100%
Chełm
100%
Hrubieszów
100%
Janów Lubelski
100%
Kraśnik
100%
Kraśnik
100%
Lubartów
100%
Lublin
100%
Puławy
100%
Tomaszów Lubelski
100%
Zamość
100%
Annopol
83%
Biłgoraj
83%
Dęblin
83%
Frampol
83%
Kazimierz Dolny
83%
Krasnystaw
83%
Łęczna
83%
Łuków
83%
Międzyrzec Podlaski
83%
Nałęczów
83%
Opole Lubelskie
83%
Radzyń Podlaski
83%
Świdnik
83%
Terespol
83%
Włodawa
83%
Kurów
67%
Parczew
67%
Ryki
67%
Szczebrzeszyn
67%
Józefów nad Wisłą
50%
Ostrów Lubelski
50%
PIszczac
50%
Poniatowa
50%
Rejowiec
50%
Rejowiec Fabryczny
50%
Turobin
50%
Wąwolnica
50%
Bychawa
33%
Czemierniki
33%
Izbica
33%
Kock
33%
Końskowola
33%
Krasnobród
33%
Modliborzyce
33%
Piaski
33%
Stoczek Łukowski
33%
Urzędów
33%
Zwierzyniec
33%
Bełżyce
17%
Goraj
17%
Kamionka
17%
Siedliszcze
17%
Tarnogród
17%
Tyszowce
17%
Łaszczów
0%
Lubycza Królewska
0%
Nie znaleziono quizów pasujących do podanych kryteriów
Rozkład punktacji
Procent ludzi z każdym wynikiem
Percentyl według liczby udzielonych odpowiedzi
Twoja historia wyników
Nie rozwiązałeś tego quizu od ostatniego zresetowania